Devine le pays de ce club de football #2 (moyen) - Statistiques

Statistiques générales
  • Ce quiz a été pris 186 fois
  • Le résultat moyen est 18 sur 24
Statistiques - réponses
Par images Réponse % Correct
France
100%
France
97%
Arabie Saoudite
93%
France
93%
Espagne
92%
Suisse
91%
Brésil
90%
Grèce
90%
Portugal
90%
Croatie
88%
Israel
88%
Chine
87%
France
87%
Etats-Unis
86%
Angleterre
84%
Russie
75%
Allemagne
74%
Italie
72%
Japon
68%
Ecosse
56%
Biélorussie
48%
Suisse
38%
Argentine
24%
Australie
5%
Aucun quiz correspondant
Distribution des résultats
% des personnes avec chaque résultat
Percentile par nombre de réponses
Votre historique - résultats
Vous n’avez pas pris ce quiz